Hiến pháp Việt Nam năm 1946, 1959, 1980, 1992 : Nghị quyết của Quốc hội về việc sưa đổi, bổ sung một số điều của hiến pháp năm 1992
Trình bày nội dung Tuyên ngôn độc lập; Hiến pháp nước Việt Nam dân chủ cộng hoà năm 1946, 1959; Hiến pháp nước Cộng hoà xã hội chủ nghĩa Việt Nam năm 1980, 1992; Nghị quyết của Quốc hội về việc sửa đổi, bổ sung một số điều của Hiến...
Na minha lista:
| Formato: | Livro |
|---|---|
| Idioma: | Undetermined |
| Publicado em: |
Hà Nội
Chính trị Quốc gia
2008
|
| Assuntos: | |
| Tags: |
Adicionar Tag
Sem tags, seja o primeiro a adicionar uma tag!
|
| Thư viện lưu trữ: | Trung tâm Học liệu Trường Đại học Cần Thơ |
|---|
| LEADER | 01106nam a2200205Ia 4500 | ||
|---|---|---|---|
| 001 | CTU_148258 | ||
| 008 | 210402s9999 xx 000 0 und d | ||
| 020 | |c 16000 | ||
| 082 | |a 342.59702 | ||
| 082 | |b H305 | ||
| 245 | 0 | |a Hiến pháp Việt Nam năm 1946, 1959, 1980, 1992 : | |
| 245 | 0 | |b Nghị quyết của Quốc hội về việc sưa đổi, bổ sung một số điều của hiến pháp năm 1992 | |
| 260 | |a Hà Nội | ||
| 260 | |b Chính trị Quốc gia | ||
| 260 | |c 2008 | ||
| 520 | |a Trình bày nội dung Tuyên ngôn độc lập; Hiến pháp nước Việt Nam dân chủ cộng hoà năm 1946, 1959; Hiến pháp nước Cộng hoà xã hội chủ nghĩa Việt Nam năm 1980, 1992; Nghị quyết của Quốc hội về việc sửa đổi, bổ sung một số điều của Hiến pháp Việt Nam 1992 | ||
| 650 | |a Constitutional law,Hiến pháp Việt Nam | ||
| 650 | |z Vietnam | ||
| 904 | |i Nguyên | ||
| 980 | |a Trung tâm Học liệu Trường Đại học Cần Thơ | ||